00605 2200217 4500001002100000005001500021035002000036007000300056008004100059020002200100082000800122084001400130100002600144245005400170260003100224300003100255650001500286856004800301990001900349990001900368INLIS00000000000233220200813124735 a0010-0820002332ta200813 0 ind  a978-602-955-398-7 a510 a510 PRA p0 aPRASETYONO, Dwi Sunar1 aPanduan Pelajaran Matematika 3 Untuk SMP Kelas IX aYogyakarta :bTunas,c2010 a301 Hal. :bilus. ;c19 cm aMATEMATIKA aDINAS PERPUSTAKAAN DAN KEARSIPAN KOTA MEDAN a41274/PUM/2011 a41275/PUM/2011